Normal view
MARC view
- Shamshee, Prakash
Entry Personal Name
001 - CONTROL NUMBER
- control field: 7411
003 - CONTROL NUMBER IDENTIFIER
- control field: OSt
005 - DATE AND TIME OF LATEST TRANSACTION
- control field: 20250415142621.0
008 - FIXED-LENGTH DATA ELEMENTS
- fixed length control field: 250415|| aca||aabn | a|a d
040 ## - CATALOGING SOURCE
- Original cataloging agency: OSt
- Transcribing agency: OSt
100 ## - HEADING--PERSONAL NAME
- Personal name: Shamshee, Prakash
670 ## - SOURCE DATA FOUND
- Source citation: Work cat.: (OSt)5572: Bharat singh, . 5867, Text book of soil mechanics / , 1966.
